Statistiques concernant Les 20 préfectures les plus proches de Laval

Cliquez ici pour prendre le quiz!

Statistiques générales

  • Ce quiz a été pris 115 fois
  • Le résultat moyen est 15 sur 20

Statistiques - réponses

distance (en km)ville préfecture% Correct
111Nantes
99%
67.56Rennes
99%
68.46Angers
97%
127Caen
94%
73Le Mans
94%
133Tours
85%
163La Roche sur Yon
84%
155.28Vannes
81%
76Alençon
76%
186Poitiers
75%
205Rouen
74%
201Orléans
73%
173Chartres
67%
119Saint-Lo
67%
215La Rochelle
65%
155.21Saint-Brieuc
65%
166Blois
62%
196Niort
60%
177Evreux
57%
229Versailles
51%

Distribution des résultats

Percentile par nombre de réponses

% des personnes avec chaque résultat

Votre développement - résultats

Vous n’avez pas pris ce quiz